The Rains of Castamere- Lyrics Quiz - Statistics

General Stats
  • This quiz has been taken 209 times
  • The average score is 76 of 95
Answer Stats
Answer % Correct
a
99%
a
99%
A
99%
a
99%
A
99%
a
99%
The
99%
the
99%
the
99%
the
99%
I
96%
I
96%
of
94%
of
94%
of
94%
of
94%
who
94%
you?
94%
are
93%
are
93%
And
92%
And
92%
and
92%
and
92%
And
92%
and
92%
And
92%
Castamere
92%
rains
91%
rains
91%
so
90%
so
90%
so
90%
lord
88%
lord
88%
lord
88%
said
85%
he
84%
he
84%
proud
84%
no
81%
That
81%
that
81%
to
80%
to
80%
lion
79%
cat
78%
different
77%
hear
77%
hear
77%
low
77%
red
77%
Only
76%
bow
75%
coat
75%
coat
75%
coat
75%
gold
75%
must
75%
now
75%
now
75%
has
74%
spoke
74%
spoke
74%
claws
73%
know
72%
still
72%
As
71%
as
71%
hall
69%
hall
69%
o'er
69%
o'er
69%
all
68%
his
68%
his
68%
my
68%
not
68%
sharp
67%
sharp
67%
With
67%
But
66%
long
66%
long
66%
or
66%
soul
66%
truth
66%
weep
66%
weep
66%
yours
66%
there
65%
mine
64%
one
62%
That's
58%
Yes
45%
No matching quizzes found
Score Distribution
Percent of People with Each Score
Percentile by Number Answered
Your Score History
You have not taken this quiz